000 01281nam a22001937a 4500
008 241101t2024 xxk|||||o|||| 00| 0 eng d
041 _aeng
110 _aRoyal Institution of Chartered Surveyors
245 _aUK Commercial Property Monitor
_bQ3 2024
_h[Electronic resource]
260 _aLondon,
_bRoyal Institution of Chartered Surveyors,
_cOctober 2024
490 _aRICS UK Commercial Property Monitor
_vQ32024
520 _aThe Q3 2024 RICS UK Commercial Property Monitor results continue to portray a somewhat underwhelming market backdrop, with only marginal improvements seen across most indicators. That said, more encouragingly, the share of respondents now of the opinion that current conditions are consistent with the early stages of an upturn has been rising steadily over recent quarters. In fact, the 44% share of contributors taking this view in Q3 is the highest since 2021.
650 _aCOMMERCIAL PROPERTY
651 _aUnited Kingdom
690 _96227
_aCommercial property
710 _aRoyal Institution of Chartered Surveyors
856 _uhttps://www.rics.org/content/dam/ricsglobal/documents/market-surveys/global-commercial-property-monitors/Q3-2024-RICS-UK-Commercial-Propety-Monitor.pdf
_zAvailable free on RICS.org
942 _n0
999 _c122050
_d122050